000 00632nam a2200229Ia 4500
003 OSt
005 20220923230532.0
006 a|||||r|||| 00| 0
007 ta
008 Pun
024 _a282,978
037 _cTextual
040 _aARTS
_cARTS
_bPun
041 _2Pun
_aPun
082 _aO153,3NKANx, L6
100 _aਕੰਗ, ਗੁਰਦਿਤ ਸਿੰਘ
245 0 _aਨੀ੍ਵਹ ਦੀ ਪਹਿਲੀ ਇੱਟ
260 _c1976
650 _aਪੰਜਾਬੀ ਸਾਹਿਤ
942 _hO153,3NKANx, L6
_cTEXL
_2CC
999 _c385522
_d385522